Не последний час живем: рассказы, очерки

Podrobná bibliografie
Hlavní autor: Миронов Б. С. Борис Сергеевич
Další autoři: Яковлев Г. А. (иллюстратор)
Shrnutí:Исключено из фонда НТБ ТПУ
Jazyk:ruština
Vydáno: Москва, Советс кий писатель, 1988
Médium: MixedMaterials Kniha
KOHA link:https://koha.lib.tpu.ru/cgi-bin/koha/opac-detail.pl?biblionumber=144529

MARC

LEADER 00000nam0a2200000 4500
001 144529
005 20231031143729.0
010 |a 5265003932 
020 |a RU  |b 88-39700 
035 |a (RuTPU)RU\TPU\book\156626 
090 |a 144529 
100 |a 20081006d1988 m y0rusy5003 ca 
101 0 |a rus 
102 |a RU 
105 |a a z 000ay 
200 1 |a Не последний час живем  |e рассказы, очерки  |f Б. С. Миронов  |g худож. Г. А. Яковлев 
210 |a Москва  |c Советс кий писатель  |d 1988 
215 |a 270,[2] с.  |c ил. 
333 |a Исключено из фонда НТБ ТПУ 
700 1 |a Миронов  |b Б. С.  |g Борис Сергеевич 
702 1 |a Яковлев  |b Г. А.  |4 440 
801 0 |a RU  |b RuMRKP  |c 19950417  |g psbo 
801 1 |a RU  |b 63413507  |c 20081006  |g PSBO 
801 2 |a RU  |b 63413507  |c 20220516  |g PSBO 
942 |c BK